A kávéházak és franchise kávézók összehasonlítása
| Szerző: | |
|---|---|
| További közreműködők: | |
| Dokumentumtípus: | Projektmunka |
| Kulcsszavak: | fenntarthatóság franchise kávé kávéház vendéglátás |
| Online Access: | http://dolgozattar.uni-bge.hu/59736 |
MARC
| LEADER | 00000nnm a2200000 i 4500 | ||
|---|---|---|---|
| 001 | dolg59736 | ||
| 005 | 20260409145509.0 | ||
| 008 | 260409suuuu hu o 000 hun d | ||
| 040 | |a BGE Dolgozattár Repozitórium |b hun | ||
| 041 | |a hu | ||
| 100 | 1 | |a Nagy Alexandra Ramira | |
| 245 | 1 | 2 | |a A kávéházak és franchise kávézók összehasonlítása |c Nagy Alexandra Ramira |h [elektronikus dokumentum] |
| 516 | |a Project_work | ||
| 520 | 3 | |a zetés Dolgozatom témája a kávéházak és franchise kávézók összehasonlítása, különös tekintettel a fogyasztói élményre és a közösségi tér szerepére. A kávé iránti szenvedélyem már kisgyerekkoromban megfogalmazódott bennem, amikor reggelente megéreztem azt a karakteres, fanyarkás illatot, amely betöltötte a lakást. Mindig elcsodálkoztam, hogy a szüleim mit szerethetnek ebben annyira, hogy minden napjukat ezzel a különös illatú itallal kezdjék. Egy nap anyukám megengedte, hogy belekortyoljak, és attól a pillanattól kezdve alig vártam, hogy felnőjek, és a saját ízlésem szerint élvezhessem ezt a lendületet adó italt. Nemcsak személyes érdeklődésem, hanem szakmai tapasztalataim is hozzájárultak ahhoz, hogy ezt a témát válasszam. Hét évet dolgoztam a vendéglátásban, ebből hét hónapot egy Starbucksban, ahol testközelből figyelhettem meg az emberek mindennapi kávézási szokásait, valamint a globális brandek működését. Barista végzettséget is szereztem, ami lehetővé tette, hogy mélyebben megismerjem a különböző kávéfajtákat, pörkölési technikákat és a kávékészítés művészetét. Az évek során világossá vált számomra, hogy a kávézás sokak számára nem csupán egy napi rutin, hanem egy életérzés, egy rituálé, amely teret ad a kikapcsolódásnak, a kapcsolódásnak és az önkifejezésnek. Ez a felismerés ösztönzött arra, hogy megvizsgáljam, milyen különbségek és hasonlóságok fedezhetők fel a klasszikus kávéházak és a modern franchise kávézók között. Projektmunkám célja, hogy tisztázzuk a két fogalom közötti különbségeket, és részletesen elemezzük az árakat, a kínálat sokszínűségét, a szolgáltatás minőségét, a vásárlói élményeket, valamint a közösségépítés szerepét. Kiemelt figyelmet fordítok arra, hogy milyen hatással van a hely atmoszférája a fogyasztók döntéseire, és hogyan befolyásolja a brand hűségét a személyes élmény. | |
| 695 | |a fenntarthatóság | ||
| 695 | |a franchise | ||
| 695 | |a kávé | ||
| 695 | |a kávéház | ||
| 695 | |a vendéglátás | ||
| 700 | 1 | |a Adorján Krisztián |e ths | |
| 856 | 4 | 0 | |u http://dolgozattar.uni-bge.hu/59736/1/PROJEKTMUNKA%20K%C3%89SZ.pdf |z Dokumentum-elérés |
| 856 | 4 | 0 | |u http://dolgozattar.uni-bge.hu/59736/2/Nagy%20Alexandra.pdf |z Dokumentum-elérés |